|
|
|
|
| LEADER |
00000nam0a2200000 4500 |
| 001 |
257188 |
| 005 |
20231101233159.0 |
| 035 |
|
|
|a (RuTPU)RU\TPU\book\279962
|
| 090 |
|
|
|a 257188
|
| 100 |
|
|
|a 20140415d1987 k y0rusy50 ca
|
| 101 |
0 |
|
|a rus
|
| 102 |
|
|
|a RU
|
| 105 |
|
|
|a y z 001zy
|
| 200 |
1 |
|
|a Научно-технический прогресс и развитие производства Мурманской области
|f Российская академия наук (РАН), Кольский научный центр (КолНЦ), Институт экономических проблем ; под ред. Л. А. Сахариной
|
| 210 |
|
|
|a Апатиты
|c Изд-во Кольского филиала АН СССР
|d 1987
|
| 215 |
|
|
|a 113 с.
|
| 320 |
|
|
|a Библиогр. в конце ст.
|
| 606 |
1 |
|
|a Экономика
|y Россия
|y Север Европейской части
|2 stltpush
|3 (RuTPU)RU\TPU\subj\64428
|9 81326
|
| 610 |
1 |
|
|a Мурманская область
|
| 610 |
1 |
|
|a научно-технический прогресс
|
| 610 |
1 |
|
|a производство
|
| 610 |
1 |
|
|a развитие
|
| 610 |
1 |
|
|a экономическое развитие
|
| 610 |
1 |
|
|a интенсификация
|
| 610 |
1 |
|
|a комплексная программа
|
| 686 |
|
|
|a У9(2Р31)
|v LBC/SL-A
|2 rubbk
|
| 702 |
|
1 |
|a Сахарина
|b Л. А.
|4 340
|
| 712 |
0 |
2 |
|a Российская академия наук (РАН)
|b Кольский научный центр (КолНЦ)
|b Институт экономических проблем
|2 stltpush
|3 (RuTPU)RU\TPU\col\7918
|
| 801 |
|
1 |
|a RU
|b 63413507
|c 20140415
|
| 801 |
|
2 |
|a RU
|b 63413507
|c 20141006
|g RCR
|
| 942 |
|
|
|c BK
|